Literatura Hebrea moderna
Shranjeno v:
| Glavni avtor: | |
|---|---|
| Format: | Knjiga |
| Jezik: | Undetermined |
| Izdano: |
México, Distrito Federal
Fondo de Cultura Económica
1968
|
| Teme: | |
| Oznake: |
Označite
Brez oznak, prvi označite!
|
MARC
| LEADER | 00000nam a2200000Ia 4500 | ||
|---|---|---|---|
| 008 | 170316s9999 xx 000 0 und d | ||
| 090 | |a 800-Is H-1L | ||
| 100 | |a Halkin, Simon | ||
| 245 | |a Literatura Hebrea moderna | ||
| 260 | |a México, Distrito Federal | ||
| 260 | |b Fondo de Cultura Económica | ||
| 260 | |c 1968 | ||
| 300 | |a 261 páginas | ||
| 650 | |a OTRAS LITERATURAS | ||
| 650 | |a LITERATURA DE ISRAEL | ||
| 999 | |c 19932 |d 19932 | ||
| 040 | |a cru BVZT | ||
| 942 | |c 15 D |h 800-Is H-1L |2 z | ||
